Statistics for Science Fiction General Knowledge #4

Click here to take the quiz!

General Stats

  • This quiz has been taken 379 times
  • The average score is 5 of 20

Answer Stats

QuestionAnswer% Correct
What color pill did Neo take to go "down the rabbit hole" in "The Matrix"?Red
97%
What actor played Padme Amidala?Natalie Portman
73%
What actor starred in "The Fly", "Jurassic Park" and "Independence Day"?Jeff Goldblum
57%
Who composed the score music for the Star Wars and Indiana Jones trilogies?John Williams
55%
In "Blade Runner", how many years do replicants live?4 years
43%
Philip K. Dick's short story "We Can Remember It For You Wholesale" was the basis for what movie?Total Recall
34%
In the "Babylon 5" series, what is Talia Winters' commercial telepath rating?P5
29%
Who is the chief engineer on the Enterprise NCC-1701 D?Geordi LaForge
28%
Deep Space 9 was constructed by which alien race?Cardassians
20%
In "Back to the Future", what is the name of Doc Brown's dog in 1955?Copernicus
16%
Which sci-fi author is most closely associated with the sub-genre of "Cyber Punk"?William Gibson
15%
In Serenity, who said, "We may experience some slight turbulence and then...explode?"Capt. Malcolm Reynolds
10%
In what book does the word "Grok" first appear?Stranger in a Strange Land
10%
Who wrote about a man who changes reality when he dreams, in "Lathe of Heaven"?Ursula LeGuin
10%
In "Guns of the South" what is given to the Confederate army to ensure their victory?AK-47s
8%
In "The Chronicles of Riddick", what planet is Kyra imprisoned on?Crematoria
7%
Proteus 4 is the name of a super computer in which movie?Demon Seed
2%
What book series are the following places from: Jackson's Whole, Sergyar, Beta Colony?Miles Vorkosigan Saga
2%
The quote "Jesus Christ! It's World War III in a can," comes from which movie?The Abyss
2%
Isaac Asimov was inspired to write "Nightfall" by a quote from what American poet?Ralph Waldo Emerson
1%

Score Distribution

Percentile by Number Answered

Percent of People with Each Score

Your Score History

You have not taken this quiz